| 000 | 00645nam a2200217Ia 4500 | ||
|---|---|---|---|
| 005 | 20260429112056.0 | ||
| 008 | 260429s9999||||xx |||||||||||||| ||und|| | ||
| 020 | _a9788126940769 | ||
| 041 | _aEnglish | ||
| 082 |
_a153.35 _bRUT |
||
| 100 | _aRuttenberg, Arie | ||
| 245 | 0 |
_aCracking the creativity code : _bzoom in/zoom out in framework for creativity, fun and success / _cArie Ruttenberg |
|
| 250 | _a1st ed. | ||
| 260 |
_aNew Delhi : _bAtlantic Publishers and Distributors, _c2024. |
||
| 300 | _avii, 157 p.; pbk | ||
| 650 | _a Framework | ||
| 650 | _a Success | ||
| 650 | _aCreativity | ||
| 700 | _a Maital, Shlomo | ||
| 942 | _cTB | ||
| 999 |
_c52217 _d52217 |
||